00432nam a2200169 a 450000100060000000300090000600800410001502000150005604000280007108200090009910000150010824500220012326000430014530000100018849000280019865000360022619353CO-ViMGA141112s2004 ck r 000 u spa d a8475100430 aCO-ViMGAbspacCO-ViMGA aGOSs1 aGoscinny, 10aEl escudo arverno aBarcelona : bGrijalbo / Dargaud; 1996 a48 p. aUna aventura de Asterix14aCUENTOS INFANTILES DE AVENTURAS